000 00740nam a2200241 i 4500
001 183595
003 ES-MaACL
005 20250717065517.0
008 140725s2001 sp | |||| ||spa d
020 _a84-607-2348-8
080 _a329.285
080 _a323.2
100 1 _aGarcía Moriyón, Félix.
_955004
245 1 0 _aSenderos de libertad /
_cFélix García Moriyón.
260 _a[Madrid] :
_bLibre Pensamiento,
_c[2001]
300 _aVIII, 262 p. ;
_c21 cm.
650 0 7 _aAnarcosindicalismo.
_99778
650 7 _aAnarquismo
_2embne
_99783
650 0 7 _aMovimientos sociales.
_915226
852 _aES-MaACL
_jA-13196
_9190537
_bR.150164
_cDEPO1
_dOlim: N-6196
942 _2udc
_cMONOGRAFIA
999 _c183595
_d183595